000 00463nam a2200157Ia 4500
008 220803s9999 xx 000 0 und d
020 _a978-93-80942-75-9
041 _aeng
082 _a720.954 KAM/AYU
100 _aKamaal N Ed.
_928881
245 _aBhopal : Learing Through Heritage
260 _aAhmedabad
_bBennett Coleman And Co Ltd
_c2011
300 _a74p
650 _aArchitectural History
_928882
700 _aAyub J Ed. John P Ed. Kamaal N Ed.
_928883
999 _c18197
_d18197